Les adversaires des clubs français en LDC 2025/2026. - Statistiques

Statistiques générales
  • Ce quiz a été pris 146 fois
  • Le résultat moyen est 20 sur 24
Statistiques - réponses
Clubs Français Pays de l'adversaire Clubs Européens % Correct
OM Espagne Réal Madrid
97%
PSG Allemagne Bayern Munich
95%
AS Monaco Espagne Réal Madrid
95%
PSG Espagne FC Barcelone
93%
OM Pays-bas Ajax Amsterdam
89%
PSG Italie Atalanta Bergame
89%
OM Italie Atalanta Bergame
89%
OM Angleterre FC Liverpool
89%
AS Monaco Angleterre Manchester City
89%
OM Portugal Sporting Portugal
89%
PSG Portugal Sporting Portugal
89%
AS Monaco Belgique Club Bruges
87%
OM Belgique Club Bruges
87%
AS Monaco Italie Juventus Turin
87%
OM Angleterre Newcastle United
83%
PSG Angleterre Newcastle United
83%
AS Monaco Turquie Galatasaray
80%
AS Monaco Angleterre Tottenham Hotspurs
77%
PSG Angleterre Tottenham Hotspurs
77%
PSG Espagne Athletic Bilbao
72%
PSG Allemagne Bayer Leverkusen
72%
OM Belgique Union Saint-Gilloise
69%
AS Monaco Norvège Bodo Glimt
63%
AS Monaco Chypre Paphos
41%
Aucun quiz correspondant
Distribution des résultats
% des personnes avec chaque résultat
Percentile par nombre de réponses
Votre historique - résultats
Vous n’avez pas pris ce quiz